000 00972nam0a22003011 4500
001 v19\rc\1894413
005 20251118180509.7
035 _a(NLR Aleph) 004989806
090 _a6273827
_c6273827
100 _a20080221d1911 u y0rusy50 ca
101 1 _arus
_cfre
102 _aRU
105 _ay z |||||
200 1 _aВас все полюбят
_e(Таинств. силы в любви)
_eПер. с 11 фр. изд. с доп. пер.
_fМаркиз де Вуалве
210 _aСанкт-Петербург
_cтип. т-ва "Грамотность"
_d1911
215 _a127 с.
_d20
300 _aНа обл.: маркиз де Вуалье
700 1 _aВуалье
_bде
790 1 _aВуалве
_bде
801 0 _aRU
_bNLR
_gpsbo
801 0 _aRU
_bRuMoRGB
_2psbo
801 1 _aRU
_bProSoft-M
_2rusmarc
852 _aNLR
_j38.38.7.46
852 _aNLR
_bМф
_jК1/19311
899 _aRuMoRGB
_jU 66/261
899 _aБАН
942 _cBOOK
980 _aNB